Artenvielfalt und struktur von Vogelgemeinschaften in primär-und sekundärhabitaten eines nebelwaldes in südwestkolumbien (Registro nro. 415)

Detalles MARC
000 -CABECERA
Campo de control 00859nam a2200229 a 4500
005 - FECHA Y HORA DE LA ULTIMA TRANSACCION
Campo de control 20191224041528.0
008 - ELEMENTOS DE LONGITUD FIJA—INFORMACION GENERAL
Campo de control 140220b1998 gw |||||rm||| 00| 0 ger d
040 ## - FUENTE DE CATALOGACIÓN
Agencia catalogadora original CO-BoIAVH
Agencia transcriptora CO-BoIAVH
041 ## - IDIOMA
Código de idioma para texto/pista de sonido o título separado Alemán
044 ## - PAÍS DE PUBLICACIÓN
País de publicación Alemania
090 ## - CLASIFICACIÓN LOCAL
Colección TE
Consecutivo 0094
100 1# - ASIENTO PRINCIPAL--NOMBRE PERSONAL
Nombre personal Kreft, Stefan
9 (RLIN) 7663
245 10 - MENCION DE TITULO
Título Artenvielfalt und struktur von Vogelgemeinschaften in primär-und sekundärhabitaten eines nebelwaldes in südwestkolumbien
246 ## - FORMA VARIANTE DEL TITULO
Título propiamente dicho/forma breve del título Biodiversidad y la estructura de la avifauna presente en los hábitats primarios y secundarios del bosque de niebla en el suroeste de Colombia.
260 ## - PUBLICACION, DISTRIBUCION, ETC. (PIE DE IMPRENTA)
Lugar de publicación, distribución, etc. Berlín:
Nombre del editor, distribuidor, etc. Universität Hamburg,
Fecha de publicación, distribución, etc. 1998.
300 ## - DESCRIPCION FISICA
Extensión 106
650 ## - ASIENTO SECUNDARIO DE MATERIA - TERMINO TEMATICO
Término temático o nombre geográfico como elemento de entrada Aves
9 (RLIN) 75114
650 ## - ASIENTO SECUNDARIO DE MATERIA - TERMINO TEMATICO
Término temático o nombre geográfico como elemento de entrada Bosque de niebla
Subdivisión geográfica Colombia
9 (RLIN) 75115
650 ## - ASIENTO SECUNDARIO DE MATERIA - TERMINO TEMATICO
Término temático o nombre geográfico como elemento de entrada Ecología de poblaciones
9 (RLIN) 3557
662 ## - ASIENTO SECUNDARIO DE MATERIA - JERARQUIA DEL NOMBRE DE LUGAR(
País o entidad mayor Colombia
Jurisdicción política intermedia Reserva Natural La Planada
Jurisdicción política de primer orden Nariño
942 ## - ELEMENTOS ADICIONALES (KOHA)
Tipo de ítem Tesis
Sistema de clasificación Local
Existencias
Withdrawn status Lost status Sistema de Clasificación Damaged status No para préstamo Colección Inventariado Ubicación Permanente Ubicación actual Fecha de adquisición Total Checkouts Número topográfico Inventario / Código de Barras Date last seen Ejemplar Price effective from Forma de adquisición Tipo de material
    Local     Tesis Inventariado 2017 Bogotá Bogotá 01/02/1998   TE-0094 000568 04/12/2012 Ej. 1 04/12/2012 Donación Tesis